000 00764nam0a22002411 4500
001 rc\2926289
005 20250529225536.0
035 _a(NLR Aleph) 007076076
090 _a6429066
_c6429066
100 _a20110816d1934 |||y0rusy50 ca
101 0 _arus
102 _aRU
105 _ay z |||||
200 1 _aТранспорт леса Удском районе
210 _aЛенинград
_cБ. и.
_d1934
215 _aС. 117-134
300 _aВ кн.: Амгунь-Селемджинская экспедиция Академии наук СССР, ч. 2. Л., 1934, с. 117-134
700 1 _aШмидт
_bА.Я.
_cлесовод
801 0 _aRU
_bNLR
_gpsbo
801 1 _aRU
_bELAR
_2rusmarc
852 _aNLR
_j33-19/585(3)
942 _cBOOK
980 _aNB